KOHA-Header-6

Business Week's Guide to the best Business Schools (Record no. 7919)

000 -LEADER
fixed length control field 00289nam a2200109Ia 4500
100 ## - MAIN ENTRY--AUTHOR NAME
Personal name John A.Byrne
245 #0 - TITLE STATEMENT
Title Business Week's Guide to the best Business Schools
260 ## - PUBLICATION, DISTRIBUTION, ETC. (IMPRINT)
Place of publication New York
Name of publisher McGraw Hill
Year of publication 1999
300 ## - PHYSICAL DESCRIPTION
Number of Pages 780
942 ## - ADDED ENTRY ELEMENTS (KOHA)
Koha item type Books

No items available.

Powered by Koha